000 00505nam a2200169Ia 4500
003 GCL
008 140319s9999 xx 000 0 ara d
040 _aGCL /
_cGCL
082 0 4 _a415.5
_bش ب
100 1 _aشرف الدين على الراجحى
245 1 0 _aالبسيط فى علم الصرف /
_cشرف الدين على الراجحى
300 _a155 ص
490 _aكتاب
_v0
650 0 4 _aاللغة العربية
650 0 4 _aاللغة العربية - الصرف
942 _2ddc
_cBK
999 _c43229
_d43229